LEADER 02024nam0 22004693i 450 001 VAN00282679 005 20241213023158.26 017 70$2N$a9783030731168 100 $a20241107d2021 |0itac50 ba 101 $aeng 102 $aCH 105 $a|||| ||||| 181 $ai$b e 182 $ab 183 $acr 200 1 $aParticle and Astroparticle Physics$eProblems and Solutions$fAlessandro De Angelis, Mário Pimenta, Ruben Conceição 210 $aCham$cSpringer$d2021 215 $aix, 325 p.$cill.$d24 cm 410 1$1001VAN00117860$12001 $aUndergraduate lecture notes in physics$1210 $aBerlin [etc.]$cSpringer$d2011- 606 $a81V35$xNuclear physics [MSC 2020]$3VANC023270$2MF 606 $a85-XX$xAstronomy and Astrophysics [MSC 2020]$3VANC023246$2MF 610 $aAstrobiology and the Relation of Fundamental Physics to Life$9KW:K 610 $aAstroparticle Physics$9KW:K 610 $aAstrophysics$9KW:K 610 $aHigh-Energy Astrophysics$9KW:K 610 $aMultimessenger Astronomy$9KW:K 610 $aMultimessenger Astrophysics$9KW:K 610 $aParticle detection$9KW:K 610 $aStandard Model of Cosmology and the Dark Universe$9KW:K 620 $aCH$dCham$3VANL001889 700 1$aDe Angelis$bAlessandro$f1959- $3VANV078700$0721874 701 1$aConceição$bRuben$3VANV235590$01767977 701 1$aPimenta$bMário$3VANV235589$01767978 712 $aSpringer $3VANV108073$4650 801 $aIT$bSOL$c20250606$gRICA 856 4 $uhttp://doi.org/10.1007/978-3-030-73116-8$zE-book ? Accesso al full-text attraverso riconoscimento IP di Ateneo, proxy e/o Shibboleth 899 $aBIBLIOTECA DEL DIPARTIMENTO DI MATEMATICA E FISICA$1IT-CE0120$2VAN08 912 $fN 912 $aVAN00282679 950 $aBIBLIOTECA DEL DIPARTIMENTO DI MATEMATICA E FISICA$d08DLOAD e-Book 9647 $e08eMF9647 20241127 996 $aParticle and Astroparticle Physics$94215542 997 $aUNICAMPANIA LEADER 02379nam0 22005053i 450 001 VAN00301227 005 20251223113352.429 017 70$2N$a9789819619573 100 $a20251222d2025 |0itac50 ba 101 $aeng 102 $aSG 105 $a|||| ||||| 181 $ai$b e 182 $ab 183 $acr 200 1 $aSpectral Analysis on Standard Locally Homogeneous Spaces$fFanny Kassel, Toshiyuki Kobayashi 210 $aSingapore$cSpringer$d2025 215 $axi, 116 p.$cill.$d24 cm 410 1$1001VAN00301229$12001 $aLecture notes in mathematics. FJ-LMI Subseries$1210 $aSingapore$cSpringer 461 1$1001VAN00102250$12001 $aLecture notes in mathematics$1210 $aBerlin [etc.]$cSpringer$v2367 606 $a22-XX$xTopological groups, Lie groups [MSC 2020]$3VANC020459$2MF 606 $a22E40$xDiscrete subgroups of Lie groups [MSC 2020]$3VANC023818$2MF 606 $a22E45$xRepresentations of Lie and linear algebraic groups over real fields: analytic methods [MSC 2020]$3VANC022570$2MF 606 $a22F30$xHomogeneous spaces [MSC 2020]$3VANC029354$2MF 606 $a53C35$xDifferential geometry of symmetric spaces [MSC 2020]$3VANC020714$2MF 606 $a57S30$xDiscontinuous groups of transformations [MSC 2020]$3VANC023724$2MF 610 $aBranching law$9KW:K 610 $aInvariant differential operators$9KW:K 610 $aProper action$9KW:K 610 $aPseudo-Riemannian manifolds$9KW:K 610 $aReal spherical homogeneous spaces$9KW:K 610 $aReductive symmetric spaces$9KW:K 610 $aSpherical variety$9KW:K 620 $aSG$dSingapore$3VANL000061 700 1$aKassel$bFanny$3VANV255376$01799539 701 1$aKobayashi$bToshiyuki$3VANV083001$0721059 712 $aSpringer $3VANV108073$4650 801 $aIT$bSOL$c20251226$gRICA 856 4 $uhttps://doi.org/10.1007/978-981-96-1957-3$zE-book ? Accesso al full-text attraverso riconoscimento IP di Ateneo, proxy e/o Shibboleth 899 $aBIBLIOTECA DEL DIPARTIMENTO DI MATEMATICA E FISICA$1IT-CE0120$2VAN08 912 $fN 912 $aVAN00301227 950 $aBIBLIOTECA DEL DIPARTIMENTO DI MATEMATICA E FISICA$d08CONS e-book $e08LNM2367 20251222 996 $aSpectral Analysis on Standard Locally Homogeneous Spaces$94343559 997 $aUNICAMPANIA